| 000 | 00490nam a2200169Ia 4500 | ||
|---|---|---|---|
| 008 | 190813s9999 xx 000 0 und d | ||
| 100 | _aMasse, Don | ||
| 245 | _aMultiple lines and making murals/ | ||
| 245 | _cDon Masse | ||
| 260 | _bPublisher's Development Corporation | ||
| 260 | _c2018 | ||
| 300 | _aPages 16-19, September 2018 | ||
| 440 |
_aArts and Activities: Make a Fresh Start with Arts _v164: 1 |
||
| 650 | _aArts | ||
| 650 | _aArts -- Murals | ||
| 650 | _aArts -- Sketching | ||
| 999 |
_c362022 _d362022 |
||